000 00377nam a2200157Ia 4500
008 200103s9999||||xx |||||||||||||| ||und||
020 _a0023359501,
040 _aIMU-MPC
082 _aColumn-31
100 _aFaires, Virgil Moring
245 0 _aDesign of Machine Elements
250 _a4th Ed.
260 _bMacmillan, London
_c1962
300 _axxviii, 624
942 _cBK
999 _c7432
_d7432